000 00593nam a2200217 a 4500
005 20140310183245.0
008 040830s19uu xx 00 eng d
020 _a1582552665
050 _aRC 55
_b.H265 2004
245 _aHandbook of diseases /
250 _a3rd ed.
260 _aPhiladelphia :
_bLippincott Williams & Wilkins,
_c2004.
300 _a979 p. :
_c20 cm.
500 _aIncludes bibliographical references & index.
521 _aNUR
650 _aDiseases
_xHandbook, Manuals, etc.
942 _cBK
_2lcc
_kFOR
999 _c20684
_d20684